Code of practice for the protection of persons against ionizing radiations arising from medical and dental use (Record no. 298)
[ view plain ]
| 000 -LEADER | |
|---|---|
| fixed length control field | 00614nam a2200133Ia 4500 |
| 008 - FIXED-LENGTH DATA ELEMENTS--GENERAL INFORMATION | |
| fixed length control field | 180412s9999||||xx |||||||||||||| ||und|| |
| 020 ## - INTERNATIONAL STANDARD BOOK NUMBER | |
| International Standard Book Number | 113204663 |
| 040 ## - CATALOGING SOURCE | |
| Original cataloging agency | Ahmadu Bello University Library - Zaria |
| 100 ## - MAIN ENTRY--PERSONAL NAME | |
| Personal name | GREAT BRITAIN. Department of Health |
| 245 #0 - TITLE STATEMENT | |
| Title | Code of practice for the protection of persons against ionizing radiations arising from medical and dental use |
| Statement of responsibility, etc. | Great Britain. Department of Health. |
| 250 ## - EDITION STATEMENT | |
| Edition statement | \\ |
| -- | 3rd ed. |
| 260 ## - PUBLICATION, DISTRIBUTION, ETC. | |
| Place of publication, distribution, etc. | London. |
| Name of publisher, distributor, etc. | H.M.S.O. |
| Date of publication, distribution, etc. | 1972 |
| 300 ## - PHYSICAL DESCRIPTION | |
| Extent | x, 138p.: ill. |
| 600 ## - SUBJECT ADDED ENTRY--PERSONAL NAME | |
| Personal name | Atomic medicine;Medical aspects of high-energy radiations.;Natural science;Radiology and Atomic Energy;Radiation hazards |
No items available.